00916nam a22002177a 450000500170000000800410001702000180005805000240007610000190010024000480011924501890016725000110035626000340036730000210040149000610042250400370048365000500052065000580057065000310062870000390065920250107095451.0211202t sp gr|||| 00| 0 spa|d a978844932603504aHD9502.A2bR54 20111 aRifkin, Jeremy14aThe Third industrial revolution.lEspañol13aLa tercera revolución industrial b : cómo el poder lateral está transformando la energía, la economía y el mundo c / Jeremy Rifkin ; traducción de Albino Santos Mosquera. a1a ed. aBarcelona :bPaídos, c2011 a397 p. ;c24 cm.0 aPaidós Estado y Sociedad / dirigida por Carme Castells aIncluye biografías e índices 4aRecursos energéticos xAspectos ambientales 72lembaIndustria energéticaxPolítica energética 4aDesarrollo de la energía1 aSantos Mosquera, Albinoetraductor